| 000 | 00678nam a2200229 4500 | ||
|---|---|---|---|
| 005 | 20250708123722.0 | ||
| 010 | _aENG-145836-837 | ||
| 020 |
_c1195.00 _a9789395368797 |
||
| 020 |
_c395.00 _a9789395368858 |
||
| 035 | _aEN-129368 | ||
| 035 | _aEN-129369 | ||
| 037 | _bDBAD | ||
| 082 | _a488.007 | ||
| 100 |
_aSatyanarayana.P _982768 |
||
| 245 |
_aMCQ English Language Teaching Methods/ _cP.Satyanarayana |
||
| 260 |
_aHyderabad _bNeelkamal Publications Pvt. Ltd. |
||
| 270 |
_aSultan Bazar, Koti, Hyderabad _bHyderabad _e500001 |
||
| 300 |
_a236p. _c24.4cm(hb) |
||
| 300 |
_a236p. _c24.1cm (pb) |
||
| 700 | _982746 | ||
| 942 |
_2ddc _cEN _h488.007 _mSat |
||
| 999 |
_c212229 _d212229 |
||